000
00340nam a2200133Ia 4500
008
100328s9999 xx 000 0 und d
082
_b
69625
100
_a
पाटील दशरथ.
245
_a
फुलवा.
260
_b
श्रीकल्प.
630
_a
फुलवा.
730
_a
फुलवा.
942
_c
BOOK
999
_c
555355
_d
555352